Russulaceae of Kumaon Himalaya (Record no. 1911)

MARC details
000 -LEADER
fixed length control field 00810 a2200229 4500
010 ## - LIBRARY OF CONGRESS CONTROL NUMBER
LC control number ENG-85272
020 ## - INTERNATIONAL STANDARD BOOK NUMBER
International Standard Book Number 8181770129
Terms of availability 848.00 $76.00
035 ## - SYSTEM CONTROL NUMBER
System control number EN-68805
037 ## - SOURCE OF ACQUISITION
Source of stock number/acquisition D.B.Act / Pub
082 14 - DEWEY DECIMAL CLASSIFICATION NUMBER
Classification number 589.25
090 ## - LOCALLY ASSIGNED LC-TYPE CALL NUMBER (OCLC); LOCAL CALL NUMBER (OCLC)
-- 1943
-- 1943
100 1# - MAIN ENTRY--PERSONAL NAME
Personal name Das, Kanad.
245 10 - TITLE STATEMENT
Title Russulaceae of Kumaon Himalaya
Statement of responsibility, etc Kanad Das, J. R. Sharma.
260 ## - PUBLICATION, DISTRIBUTION, ETC. (IMPRINT)
Place of publication, distribution, etc Kolkata
Name of publisher, distributor, etc Botanical Survey of India, Ministry of Environment & Forests,
Date of publication, distribution, etc 2005.
300 ## - PHYSICAL DESCRIPTION
Extent 255 p.
Other physical details ill. (some col.), 1 col. map ;
Dimensions 25 cm. (Hb)
500 ## - GENERAL NOTE
General note Includes bibliographical references and index
650 #0 - SUBJECT ADDED ENTRY--TOPICAL TERM
Topical term or geographic name as entry element Russulaceae
Geographic subdivision Kumaun Himalaya.
700 1# - ADDED ENTRY--PERSONAL NAME
Personal name Sharma, J. R.
710 2# - ADDED ENTRY--CORPORATE NAME
Corporate name or jurisdiction name as entry element Botanical Survey of India.
942 ## - ADDED ENTRY ELEMENTS (KOHA)
Institution code [OBSOLETE] dpl
Koha item type English Books
Call number prefix 589.25 / DAS
Holdings
Withdrawn status Lost status Source of classification or shelving scheme Damaged status Not for loan Collection code Home library Current library Source of acquisition Cost, normal purchase price Total Checkouts Full call number Barcode Date last seen Copy number Uniform Resource Identifier Cost, replacement price Price effective from Koha item type
    Dewey Decimal Classification   Not For Loan Non-fiction D.B.Act.Division D.B.Act.Division DBAD/PUB 848.00   589.25 DAS EN-68805 15/09/2008 1 2021 848.00 15/09/2008 English Books

© Delhi Public Library
Hit Counter
free hit counter